000 00929nam2a2200253 4500
001 RU\NLR\bibl\1455529
005 20250615233138.0
010 _a978-5-7454-1184-7
_93000
021 _aRU
_b2009-89276
_95621
035 _a(NLR Aleph) 001447334
090 _a1500985
_c1500985
100 _a20091221d2009 |||y0rusy50 ca
101 0 _arus
102 _aRU
105 _ay |||||||||
200 1 _aКогда исцеляется душа
210 _d2009
_aБ. м.
215 _a373, [1] с.
461 0 _1001RU\NLR\bibl\1446672
_12001#$aСестры по лоскутному одеялу$vКн. 3
_91447774
_aВудсмолл, С.
_cСанкт-Петербург
_d2008
_fСинди Вудсмолл
_nБиблия для всех
_o[роман]
_tСестры по лоскутному одеялу
_vКн. 3
801 0 _aRU
_bNLR
_c20091221
_gRCR
801 1 _aRU
_bNLR
_c20091221
942 _cBOOK
980 _aNB